000 00514nam a2200217 a 4500
999 _c4040
_d4040
001 4040
003 BD-JhCC
005 20171122101511.0
008 171122s n a|||| ||a| 000 0 eng d
035 _a(BD-JhCC)4040
040 _aBD-JhCC
_dBD-JhCC
041 _aeng
082 _a917
_bHER
100 _aHerdman
245 _aNorth America Cities /
_cHerdman
260 _aNew York :
_bLongmans Books,
300 _a38 p. :
_c20 cm.
650 _aNorth America
_xTravel
942 _2ddc
_cBK